| 000 | 01275nam a2200265 a 4500 | ||
|---|---|---|---|
| 001 | 000000910 | ||
| 005 | 20240514073716.0 | ||
| 008 | 090609s20uu dr a 001 0 spa d | ||
| 020 | _a9993403148 | ||
| 020 | _a9789993403142 | ||
| 040 |
_aDO-SdBNP _bspa _cBNPHU |
||
| 082 |
_a170 _bO77q |
||
| 100 | 1 |
_aOrtíz, José Francisco _93217 |
|
| 245 | 1 | 1 |
_a¿Quién soy? : _buna puerta hacia la liberación / _cJosé Francisco Ortíz ; prólogo Diómedes S. Chrístopher. |
| 260 |
_aSanto Domingo : _bPunto Mágico, _c[200?]. |
||
| 300 |
_axiii, 206 p. : _bil. ; _c21 cm. |
||
| 490 | 1 | _aMi pequeñísima obra | |
| 500 | _aIncluye datos de la obra en la contracubierta | ||
| 505 | 0 | _aPrólogo -- Prefacio -- Introducción -- Lo que somos -- No crees más problemas -- Pereza mental -- La ley -- Amigo -- Religión y ciencia -- Lo que has de hacer y lo que es -- La energía sexual -- La causa de la confusión al salir -- Voluntad -- La vida -- Perdón -- Mentira -- Felicidad - La palabra - Pensamiento mente -- Vanidad -- Relato o verdad -- Eslabón -- Autodeterminación -- Iluminación -- Amor. | |
| 650 | 0 |
_aÉtica _9509 |
|
| 650 | 4 |
_aValores _93218 |
|
| 650 | 4 |
_aConducta _93219 |
|
| 700 | 1 |
_aChrístopher, Diómedes S., _epról. _93220 |
|
| 830 | 0 |
_aMi pequeñísima obra _93221 |
|
| 999 |
_c901 _d901 |
||